000 32744nam a22032775i 4500
005 20230718140431.0
006 m|||||o||d||||||||
007 cr || ||||||||
008 221201t20152009gw fo d z eng d
019 _a(OCoLC)980278330
020 _a9783486992588
040 _aDE-B1597
_beng
_cDE-B1597
_erda
041 0 _aeng
082 0 4 _a548.83
_223
245 0 0 _aEleventh European Powder Diffraction Conference :
_bWarsaw, September 19-22, 2008.
264 1 _aBerlin ;
_aBoston :
_bOldenbourg Wissenschaftsverlag,
_c[2015]
264 4 _c©2009
300 _a1 online resource (XXXVIII, 616 p.)
336 _atext
_btxt
_2rdacontent
337 _acomputer
_bc
_2rdamedia
338 _aonline resource
_bcr
_2rdacarrier
347 _atext file
_bPDF
_2rda
490 0 _aZeitschrift für Kristallographie / Supplemente ,
_x0930-486X ;
_v30
505 0 0 _tFrontmatter --
_tPreface: The History of the European Powder Diffraction Conference --
_tEditorial Notes --
_tEuropean Powder Diffraction Conference Award for Young Scientists --
_tEuropean Powder Diffraction Conference Award for Distinguished Powder Diffractionists --
_tEPDIC Award for "Distinguished Powder Diffractionists" --
_tTable of Contents --
_tThe EPDIC Award for Young Scientists Lecture 2008 --
_tThe crystallography of flexibility: Local structure and dynamics in framework materials --
_tI. METHOD DEVELOPMENT AND APPLICATION --
_tI.1 Determination of Crystal Structure --
_tNew approach to the indexing of powder diffraction patterns using topographs --
_tTwo-level genetic algorithm for a full-profile fitting of X-ray powder patterns --
_tCharacterization of proteins by powder diffraction --
_tMacromolecular powder diffraction: Structure solution via molecular replacement --
_tIndexing magnetic structures and crystallographic distortions from powder diffraction: Brillouin zone indexing --
_tI.2 Qualitative and Quantitative Phase Analysis --
_tState-of-the-art and trends in quantitative phase analysis of geological and raw materials --
_tThe effects of particle statistics on Rietveld analysis of cement --
_tStructural characterization of a coarse-grained transparent silicon carbide powder by a combination of powder diffraction techniques --
_tI.3 Analysis of Microstructure and Macrostress --
_tI.3.1 Residual Stresses --
_tAn experimental approach to the problem of transforming stress distributions from the LAPLACE- into real space --
_tI.3.2 Line Broadening Analysis --
_tA practical vision on Line Profile Analysis today and in the years to come --
_tDebye equation versus Whole Powder Pattern Modelling: Real versus reciprocal space modelling of nanomaterials --
_tDiffraction contrast factor of dislocations: The case of scheelite CaWO4 --
_tThermally induced microstrain broadening in polycrystalline hexagonal zinc --
_tThe hkl dependences of microstrain and of macrostress-induced macrostrain; a comparison for intrinsically extremely anisotropic cementite, Fe3C --
_tI.4 Texture --
_tA primer on whole through processing simulation understanding of deformation and annealing textures in low carbon steels --
_tECAP of Fe. Experiments and simulations of the in-elbow textures --
_tExperiments and simulation evaluation in quartz veins textures in the Guamanes shear belt, Córdoba Pampean Ranges, Central Argentina --
_tI.5 In-situ and Non-ambient Measurements --
_tOn the intensity distribution within Debye-Scherrer rings. What is different in high pressure experiments? Part I: Theory --
_tOn the intensity distribution within Debye-Scherrer rings. What is different in high pressure experiments? Part II: Practical application --
_tII. INSTRUMENTAL --
_tCoplanar grazing exit X-ray diffraction on thin polycrystalline films --
_tPossibilities and limitations of X-ray diffraction using high-energy X-rays on a laboratory system --
_tAdvantages and disadvantages of fast XRPD measurement by using image-plate and rotating anode source --
_tDiffracted-beam analyzer with multiple single crystals for high resolution parallel-beam X-ray diffraction --
_tComparison of two standards for powder X-ray diffractometry --
_tSynchrotron beamline optics for X-ray powder diffraction under high-pressure conditions at the Siam Photon Laboratory --
_tTexture research of metals and rocks on the KSN-2 neutron diffractometer --
_tModular in-situ reaction chamber design for time resolved diffraction --
_tIII. SOFTWARE --
_tRETRIEVE - a system for XRPD phase and structure analysis --
_tStructure determination from powder data: Mogul and CASTEP --
_tPowder Shake-and-Bake Method --
_tLarge-scale distributed computing for accelerated structure solution --
_tIV. MATERIALS --
_tIV.1 Thin Layers --
_tTime and thickness dependence of crystallization of amorphous magnetron deposited TiO2 thin films --
_tFormation of nickel hydrides in reactive plasmas --
_tInterdiffusion and stress development in Ni-Cu thin film diffusion couples --
_tIV.2 Nanocrystalline and Amorphous Materials --
_tNanocrystalline MgO powder materials prepared by sol-gel studied by X-ray diffraction and electron microscopy --
_tIV.3 Metals and Alloys --
_tIV.3.1 General --
_tXRD investigation and thermal properties of [Ir(NH3)6][Co(C2O4)3]•H2O and [Co(NH3)6][Ir(C2O4)3] - precursors for Co0.50Ir0.50 --
_tRu - Re, Ru - Os, and Re - Os solid solutions - preparation under mild conditions, powder XRD investigation and phase diagram analysis --
_tApplication of neutron powder diffraction for the study of non-stoichiometric Ni2MnGa based alloys --
_tIV.3.2 Microstructure, Stress and Texture --
_tStructural - phase state of maraging alloys --
_tRietveld quantitative phase analyses in iron alloys processed by mechanical alloying method --
_tEffect of texture heterogeneities on the shape memory properties of rolled Fe-Mn-Si SMA --
_tTexture and structure of grain boundary in Ni-Ti strip produced by twin roll casting technique --
_tTemperature dependence of microstructure of Al-Ag-Zn alloys --
_tSynchrotron investigations of non-uniformly shaped shot-peened samples --
_tIV.4 Minerals and Inorganics --
_tIV.4.1 Structural Changes, In-situ and Non-Ambient Investigations --
_tStructures and properties of variously doped Mayenite investigated by neutron and synchrotron powder diffraction --
_tIn situ XRD investigation of Co3O4 reduction --
_tThermal instability of the tetragonally distorted structure of copper-iron materials --
_tPowder diffraction studies of pressure-induced instabilities in orthorhombic LnGaO3 --
_tMagnesium titanate phases from xerogels by hot stage X-ray powder diffractometry --
_tIn situ synchrotron powder diffraction study of the thermal decomposition of cement-asbestos: Preliminary results --
_tIn-situ XRD investigations of the influence of PDADMAC on ettringite formation in cement systems --
_tIV.4.2 Determination of Crystal Structure; Structure Refinement --
_tStructural and spectroscopic properties of BaHfO3: Eu - the issue of the dopant location in the host lattice --
_tInvestigation of stacking disorder in Li2SnO3 --
_tX-ray diffraction studies of transition metal molybdates --
_tMolybdates of p-bromoanilinium - synthesis and crystal structure of new catalytic materials --
_tThe Rietveld structure refinement of an exceptionally pure sample of clinoptilolite from Ecuador and its Na-, K-, and Ca-exchanged forms --
_tCrystal structure of the group of optical materials Ln2MeGe4O12 (Me = Ca, Mn) --
_tStructural investigation on the (1-x)Pb(Mg1/3Nb2/3)O3-xPbTiO3 (x=0; 0.21) solid solution using powder diffraction --
_tIV.4.3 Determination of Magnetic Structure, Magnetic Materials --
_tSynthesis, structure and magnetic properties of Fe-doped tetragonal Li0.95Mn2.05O4 --
_tIV.4.4 Microstructure, Phase Analysis --
_tSimulation of layer-faulting in Nb2Co7 intermetallic compound using DIFFaX+ --
_tStructure and microstructure of Mg-vermiculite --
_tEvolution of size and shape of mullite crystallites in triaxial porcelains --
_tCrystallite size of kaolinites as indicator of different geochemical types of bauxite --
_tDiscrimination of bassanite and anhydrite III dehydrated from gypsum at different temperatures --
_tHigh resolution X-ray powder diffraction measurements of the wet rust from the drinking water distribution system --
_tReaction sequences in the thermo-chemical treatment of sewage sludge ashes revealed by X-ray powder diffraction - A contribution to the European project SUSAN --
_tQuantitative analysis of clay materials and thermal treated bricks --
_tMineral composition and stone conservation of cultural heritage building materials studied by PXRD --
_tAnisotropic grain growth of bismuth titanate in molten salt fluxes --
_tIV.5 Organic Materials --
_tNanophase-separated diblock copolymers: Structure investigations on PPMA-b-PMMA using X-ray scattering methods --
_tStructure and polymorphism of trans mono-unsaturated triacylglycerols --
_tAuthor Index
506 0 _funrestricted online access
_2star
520 _aZeitschrift für Kristallographie. Supplement Volume 30 presents the complete Proceedings of all contributions to the XI European Powder Diffraction Conference in Warsaw 2008: Method Development and Application Instrumental Software Development Materials Supplement Series of Zeitschrift für Kristallographie publishes Proceedings and Abstracts of international conferences on the interdisciplinary field of crystallography.
530 _aIssued also in print.
538 _aMode of access: Internet via World Wide Web.
540 _aThis eBook is made available Open Access. Unless otherwise specified individually in the content, the work is licensed under the Creative Commons Attribution-NonCommercial-NoDerivatives (CC BY-NC-ND) license:
_uhttps://creativecommons.org/licenses/by-nc-nd/3.0
_uhttps://www.degruyter.com/dg/page/open-access-policy
546 _aIn English.
588 0 _aDescription based on online resource; title from PDF title page (publisher's Web site, viewed 01. Dez 2022)
650 0 _aDiffraction patterns
_vCongresses.
650 0 _aPowder metallurgy
_xDiffraction
_vCongresses.
650 0 _aPowders
_xOptical properties
_vCongresses.
650 0 _aX-ray crystallography
_vCongresses.
650 0 _aX-rays
_xDiffraction
_vCongresses.
650 7 _aSCIENCE / Physics / Geophysics.
_2bisacsh
700 1 _aAdam, C.,
_econtributor.
_4ctb
_4https://id.loc.gov/vocabulary/relators/ctb
700 1 _aAflori, M.,
_econtributor.
_4ctb
_4https://id.loc.gov/vocabulary/relators/ctb
700 1 _aArgüelles, A.,
_econtributor.
_4ctb
_4https://id.loc.gov/vocabulary/relators/ctb
700 1 _aAri-Gur, P.,
_econtributor.
_4ctb
_4https://id.loc.gov/vocabulary/relators/ctb
700 1 _aBaklanova, Y. V.,
_econtributor.
_4ctb
_4https://id.loc.gov/vocabulary/relators/ctb
700 1 _aBardin, J.,
_econtributor.
_4ctb
_4https://id.loc.gov/vocabulary/relators/ctb
700 1 _aBastida, J.,
_econtributor.
_4ctb
_4https://id.loc.gov/vocabulary/relators/ctb
700 1 _aBelnoue, J.,
_econtributor.
_4ctb
_4https://id.loc.gov/vocabulary/relators/ctb
700 1 _aBerendts, S.,
_econtributor.
_4ctb
_4https://id.loc.gov/vocabulary/relators/ctb
700 1 _aBerger, I. F.,
_econtributor.
_4ctb
_4https://id.loc.gov/vocabulary/relators/ctb
700 1 _aBerkowski, M.,
_econtributor.
_4ctb
_4https://id.loc.gov/vocabulary/relators/ctb
700 1 _aBeyerlein, K.,
_econtributor.
_4ctb
_4https://id.loc.gov/vocabulary/relators/ctb
700 1 _aBlanco, J. A.,
_econtributor.
_4ctb
_4https://id.loc.gov/vocabulary/relators/ctb
700 1 _aBlessing, R. H.,
_econtributor.
_4ctb
_4https://id.loc.gov/vocabulary/relators/ctb
700 1 _aBolmaro, R. E.,
_econtributor.
_4ctb
_4https://id.loc.gov/vocabulary/relators/ctb
700 1 _aBovornratanaraks, T.,
_econtributor.
_4ctb
_4https://id.loc.gov/vocabulary/relators/ctb
700 1 _aBoysen, H.,
_econtributor.
_4ctb
_4https://id.loc.gov/vocabulary/relators/ctb
700 1 _aBrokmeier, H.-G.,
_econtributor.
_4ctb
_4https://id.loc.gov/vocabulary/relators/ctb
700 1 _aBulavchenko, O. A.,
_econtributor.
_4ctb
_4https://id.loc.gov/vocabulary/relators/ctb
700 1 _aBörger, A.,
_econtributor.
_4ctb
_4https://id.loc.gov/vocabulary/relators/ctb
700 1 _aCaballero, A.,
_econtributor.
_4ctb
_4https://id.loc.gov/vocabulary/relators/ctb
700 1 _aCarrió, J. A. G.,
_econtributor.
_4ctb
_4https://id.loc.gov/vocabulary/relators/ctb
700 1 _aCervellino, A.,
_econtributor.
_4ctb
_4https://id.loc.gov/vocabulary/relators/ctb
700 1 _aCherepanova, S. V.,
_econtributor.
_4ctb
_4https://id.loc.gov/vocabulary/relators/ctb
700 1 _aChristoforidis, J.,
_econtributor.
_4ctb
_4https://id.loc.gov/vocabulary/relators/ctb
700 1 _aCole, J. C.,
_econtributor.
_4ctb
_4https://id.loc.gov/vocabulary/relators/ctb
700 1 _aCozzi, G.,
_econtributor.
_4ctb
_4https://id.loc.gov/vocabulary/relators/ctb
700 1 _aCranswick, L. M. D.,
_econtributor.
_4ctb
_4https://id.loc.gov/vocabulary/relators/ctb
700 1 _aDanilchenko, V. E.,
_econtributor.
_4ctb
_4https://id.loc.gov/vocabulary/relators/ctb
700 1 _aDarul, J.,
_econtributor.
_4ctb
_4https://id.loc.gov/vocabulary/relators/ctb
700 1 _aDavid, W. I. F.,
_econtributor.
_4ctb
_4https://id.loc.gov/vocabulary/relators/ctb
700 1 _aDelhez, R.,
_econtributor.
_4ctb
_4https://id.loc.gov/vocabulary/relators/ctb
700 1 _aDenisova, T. A.,
_econtributor.
_4ctb
_4https://id.loc.gov/vocabulary/relators/ctb
700 1 _aDenks, I. A.,
_econtributor.
_4ctb
_4https://id.loc.gov/vocabulary/relators/ctb
700 1 _aDercz, G.,
_econtributor.
_4ctb
_4https://id.loc.gov/vocabulary/relators/ctb
700 1 _aDinnebier, R. E.,
_econtributor.
_4ctb
_4https://id.loc.gov/vocabulary/relators/ctb
700 1 _aDlouhá, M.,
_econtributor.
_4ctb
_4https://id.loc.gov/vocabulary/relators/ctb
700 1 _aDobrowolska, A.,
_econtributor.
_4ctb
_4https://id.loc.gov/vocabulary/relators/ctb
700 1 _aDoebbler, J. A.,
_econtributor.
_4ctb
_4https://id.loc.gov/vocabulary/relators/ctb
700 1 _aDreele, R. B. von,
_econtributor.
_4ctb
_4https://id.loc.gov/vocabulary/relators/ctb
700 1 _aDruker, A.V.,
_econtributor.
_4ctb
_4https://id.loc.gov/vocabulary/relators/ctb
700 1 _aDráb, M.,
_econtributor.
_4ctb
_4https://id.loc.gov/vocabulary/relators/ctb
700 1 _aDubinin, P. S.,
_econtributor.
_4ctb
_4https://id.loc.gov/vocabulary/relators/ctb
700 1 _aDutra, I. C. A.,
_econtributor.
_4ctb
_4https://id.loc.gov/vocabulary/relators/ctb
700 1 _aDörfel, I.,
_econtributor.
_4ctb
_4https://id.loc.gov/vocabulary/relators/ctb
700 1 _aEckstein, K.,
_econtributor.
_4ctb
_4https://id.loc.gov/vocabulary/relators/ctb
700 1 _aEhrenberg, H.,
_econtributor.
_4ctb
_4https://id.loc.gov/vocabulary/relators/ctb
700 1 _aElsen, J.,
_econtributor.
_4ctb
_4https://id.loc.gov/vocabulary/relators/ctb
700 1 _aEmmerling, F.,
_econtributor.
_4ctb
_4https://id.loc.gov/vocabulary/relators/ctb
700 1 _aEngel, J. M.,
_econtributor.
_4ctb
_4https://id.loc.gov/vocabulary/relators/ctb
700 1 _aEvans, A.,
_econtributor.
_4ctb
_4https://id.loc.gov/vocabulary/relators/ctb
700 1 _aFerrante, M.,
_econtributor.
_4ctb
_4https://id.loc.gov/vocabulary/relators/ctb
700 1 _aFilatov, E. Yu.,
_econtributor.
_4ctb
_4https://id.loc.gov/vocabulary/relators/ctb
700 1 _aFitch, A. N.,
_econtributor.
_4ctb
_4https://id.loc.gov/vocabulary/relators/ctb
700 1 _aFlorence, A. J.,
_econtributor.
_4ctb
_4https://id.loc.gov/vocabulary/relators/ctb
700 1 _aFourty, A.,
_econtributor.
_4ctb
_4https://id.loc.gov/vocabulary/relators/ctb
700 1 _aFransen, M. J.,
_econtributor.
_4ctb
_4https://id.loc.gov/vocabulary/relators/ctb
700 1 _aFriedel, P.,
_econtributor.
_4ctb
_4https://id.loc.gov/vocabulary/relators/ctb
700 1 _aFuess, H.,
_econtributor.
_4ctb
_4https://id.loc.gov/vocabulary/relators/ctb
700 1 _aGarbe, U.,
_econtributor.
_4ctb
_4https://id.loc.gov/vocabulary/relators/ctb
700 1 _aGateshki, M.,
_econtributor.
_4ctb
_4https://id.loc.gov/vocabulary/relators/ctb
700 1 _aGaweł, B.,
_econtributor.
_4ctb
_4https://id.loc.gov/vocabulary/relators/ctb
700 1 _aGenzel, Ch.,
_econtributor.
_4ctb
_4https://id.loc.gov/vocabulary/relators/ctb
700 1 _aGoetz-Neunhoeffer, F.,
_econtributor.
_4ctb
_4https://id.loc.gov/vocabulary/relators/ctb
700 1 _aGoncharov, E.,
_econtributor.
_4ctb
_4https://id.loc.gov/vocabulary/relators/ctb
700 1 _aGoodwin, A. L.,
_econtributor.
_4ctb
_4https://id.loc.gov/vocabulary/relators/ctb
700 1 _aGoryczka, T.,
_econtributor.
_4ctb
_4https://id.loc.gov/vocabulary/relators/ctb
700 1 _aGrange, C. P. la,
_econtributor.
_4ctb
_4https://id.loc.gov/vocabulary/relators/ctb
700 1 _aGressmann, T.,
_econtributor.
_4ctb
_4https://id.loc.gov/vocabulary/relators/ctb
700 1 _aGriffin, T. A. N.,
_econtributor.
_4ctb
_4https://id.loc.gov/vocabulary/relators/ctb
700 1 _aGromilov, S. A.,
_econtributor.
_4ctb
_4https://id.loc.gov/vocabulary/relators/ctb
700 1 _aGrzywa, M.,
_econtributor.
_4ctb
_4https://id.loc.gov/vocabulary/relators/ctb
700 1 _aGualtieri, A. F.,
_econtributor.
_4ctb
_4https://id.loc.gov/vocabulary/relators/ctb
700 1 _aGuirado, F.,
_econtributor.
_4ctb
_4https://id.loc.gov/vocabulary/relators/ctb
700 1 _aHadermann, J.,
_econtributor.
_4ctb
_4https://id.loc.gov/vocabulary/relators/ctb
700 1 _aHaerzschel, R.,
_econtributor.
_4ctb
_4https://id.loc.gov/vocabulary/relators/ctb
700 1 _aHeerden, P. R. van,
_econtributor.
_4ctb
_4https://id.loc.gov/vocabulary/relators/ctb
700 1 _aHelm, C. A.,
_econtributor.
_4ctb
_4https://id.loc.gov/vocabulary/relators/ctb
700 1 _aHergeth, W.-D.,
_econtributor.
_4ctb
_4https://id.loc.gov/vocabulary/relators/ctb
700 1 _aHesse, C.,
_econtributor.
_4ctb
_4https://id.loc.gov/vocabulary/relators/ctb
700 1 _aHinrichsen, B.,
_econtributor.
_4ctb
_4https://id.loc.gov/vocabulary/relators/ctb
700 1 _aHoelzel, M.,
_econtributor.
_4ctb
_4https://id.loc.gov/vocabulary/relators/ctb
700 1 _aHofmann, F.,
_econtributor.
_4ctb
_4https://id.loc.gov/vocabulary/relators/ctb
700 1 _aHoshikawa, A.,
_econtributor.
_4ctb
_4https://id.loc.gov/vocabulary/relators/ctb
700 1 _aHuq, A.,
_econtributor.
_4ctb
_4https://id.loc.gov/vocabulary/relators/ctb
700 1 _aIakovlev, V. E.,
_econtributor.
_4ctb
_4https://id.loc.gov/vocabulary/relators/ctb
700 1 _aIbberson, R. M.,
_econtributor.
_4ctb
_4https://id.loc.gov/vocabulary/relators/ctb
700 1 _aIshigaki, T.,
_econtributor.
_4ctb
_4https://id.loc.gov/vocabulary/relators/ctb
700 1 _aIvanova, O.,
_econtributor.
_4ctb
_4https://id.loc.gov/vocabulary/relators/ctb
700 1 _aJanke, A.,
_econtributor.
_4ctb
_4https://id.loc.gov/vocabulary/relators/ctb
700 1 _aJansen, D.,
_econtributor.
_4ctb
_4https://id.loc.gov/vocabulary/relators/ctb
700 1 _aJansen, M.,
_econtributor.
_4ctb
_4https://id.loc.gov/vocabulary/relators/ctb
700 1 _aJaud, J.-C.,
_econtributor.
_4ctb
_4https://id.loc.gov/vocabulary/relators/ctb
700 1 _aJehnichen, D.,
_econtributor.
_4ctb
_4https://id.loc.gov/vocabulary/relators/ctb
700 1 _aJohnston, B.,
_econtributor.
_4ctb
_4https://id.loc.gov/vocabulary/relators/ctb
700 1 _aJun, T-S.,
_econtributor.
_4ctb
_4https://id.loc.gov/vocabulary/relators/ctb
700 1 _aKaiser-Bischoff, I.,
_econtributor.
_4ctb
_4https://id.loc.gov/vocabulary/relators/ctb
700 1 _aKalvoda, L.,
_econtributor.
_4ctb
_4https://id.loc.gov/vocabulary/relators/ctb
700 1 _aKamiyama, T.,
_econtributor.
_4ctb
_4https://id.loc.gov/vocabulary/relators/ctb
700 1 _aKimmel, G.,
_econtributor.
_4ctb
_4https://id.loc.gov/vocabulary/relators/ctb
700 1 _aKleeberg, R.,
_econtributor.
_4ctb
_4https://id.loc.gov/vocabulary/relators/ctb
700 1 _aKley, G.,
_econtributor.
_4ctb
_4https://id.loc.gov/vocabulary/relators/ctb
700 1 _aKlysubun, W.,
_econtributor.
_4ctb
_4https://id.loc.gov/vocabulary/relators/ctb
700 1 _aKojdecki, M. A.,
_econtributor.
_4ctb
_4https://id.loc.gov/vocabulary/relators/ctb
700 1 _aKorolkov, I. V.,
_econtributor.
_4ctb
_4https://id.loc.gov/vocabulary/relators/ctb
700 1 _aKorsunsky, A. M.,
_econtributor.
_4ctb
_4https://id.loc.gov/vocabulary/relators/ctb
700 1 _aKreher, W. S.,
_econtributor.
_4ctb
_4https://id.loc.gov/vocabulary/relators/ctb
700 1 _aKrztoń, H. J.,
_econtributor.
_4ctb
_4https://id.loc.gov/vocabulary/relators/ctb
700 1 _aKužel, R.,
_econtributor.
_4ctb
_4https://id.loc.gov/vocabulary/relators/ctb
700 1 _aLassinantti Gualtieri, M.,
_econtributor.
_4ctb
_4https://id.loc.gov/vocabulary/relators/ctb
700 1 _aLawson, A. C.,
_econtributor.
_4ctb
_4https://id.loc.gov/vocabulary/relators/ctb
700 1 _aLeineweber, A.,
_econtributor.
_4ctb
_4https://id.loc.gov/vocabulary/relators/ctb
700 1 _aLeoni, M.,
_econtributor.
_4ctb
_4https://id.loc.gov/vocabulary/relators/ctb
700 1 _aLeonidov, I. I.,
_econtributor.
_4ctb
_4https://id.loc.gov/vocabulary/relators/ctb
700 1 _aLerch, M.,
_econtributor.
_4ctb
_4https://id.loc.gov/vocabulary/relators/ctb
700 1 _aMaksimova, L. G.,
_econtributor.
_4ctb
_4https://id.loc.gov/vocabulary/relators/ctb
700 1 _aMalarría, J.,
_econtributor.
_4ctb
_4https://id.loc.gov/vocabulary/relators/ctb
700 1 _aMalinowski, J.J.,
_econtributor.
_4ctb
_4https://id.loc.gov/vocabulary/relators/ctb
700 1 _aManns, T.,
_econtributor.
_4ctb
_4https://id.loc.gov/vocabulary/relators/ctb
700 1 _aMarcos, C.,
_econtributor.
_4ctb
_4https://id.loc.gov/vocabulary/relators/ctb
700 1 _aMartinez-Garcia, J.,
_econtributor.
_4ctb
_4https://id.loc.gov/vocabulary/relators/ctb
700 1 _aMartino, R.,
_econtributor.
_4ctb
_4https://id.loc.gov/vocabulary/relators/ctb
700 1 _aMartynova, S. A.,
_econtributor.
_4ctb
_4https://id.loc.gov/vocabulary/relators/ctb
700 1 _aMatschat, R.,
_econtributor.
_4ctb
_4https://id.loc.gov/vocabulary/relators/ctb
700 1 _aMatěj, Z.,
_econtributor.
_4ctb
_4https://id.loc.gov/vocabulary/relators/ctb
700 1 _aMechelen, J. B. van,
_econtributor.
_4ctb
_4https://id.loc.gov/vocabulary/relators/ctb
700 1 _aMeneghini, C.,
_econtributor.
_4ctb
_4https://id.loc.gov/vocabulary/relators/ctb
700 1 _aMichaelis, M.,
_econtributor.
_4ctb
_4https://id.loc.gov/vocabulary/relators/ctb
700 1 _aMielcarek, W.,
_econtributor.
_4ctb
_4https://id.loc.gov/vocabulary/relators/ctb
700 1 _aMitchell, L. D.,
_econtributor.
_4ctb
_4https://id.loc.gov/vocabulary/relators/ctb
700 1 _aMittemeijer, E. J.,
_econtributor.
_4ctb
_4https://id.loc.gov/vocabulary/relators/ctb
700 1 _aMogilyanski, D.,
_econtributor.
_4ctb
_4https://id.loc.gov/vocabulary/relators/ctb
700 1 _aMori, K.,
_econtributor.
_4ctb
_4https://id.loc.gov/vocabulary/relators/ctb
700 1 _aMorishima, T.,
_econtributor.
_4ctb
_4https://id.loc.gov/vocabulary/relators/ctb
700 1 _aMusil, J.,
_econtributor.
_4ctb
_4https://id.loc.gov/vocabulary/relators/ctb
700 1 _aNawrocki, J.,
_econtributor.
_4ctb
_4https://id.loc.gov/vocabulary/relators/ctb
700 1 _aNeubauer, J.,
_econtributor.
_4ctb
_4https://id.loc.gov/vocabulary/relators/ctb
700 1 _aNichtová, L.,
_econtributor.
_4ctb
_4https://id.loc.gov/vocabulary/relators/ctb
700 1 _aNijenhuis, J. te,
_econtributor.
_4ctb
_4https://id.loc.gov/vocabulary/relators/ctb
700 1 _aNikolussi, M.,
_econtributor.
_4ctb
_4https://id.loc.gov/vocabulary/relators/ctb
700 1 _aNowicki, W.,
_econtributor.
_4ctb
_4https://id.loc.gov/vocabulary/relators/ctb
700 1 _aOishi, R.,
_econtributor.
_4ctb
_4https://id.loc.gov/vocabulary/relators/ctb
700 1 _aOlaru, M.,
_econtributor.
_4ctb
_4https://id.loc.gov/vocabulary/relators/ctb
700 1 _aOlsen, S.,
_econtributor.
_4ctb
_4https://id.loc.gov/vocabulary/relators/ctb
700 1 _aOswald, I. D. H.,
_econtributor.
_4ctb
_4https://id.loc.gov/vocabulary/relators/ctb
700 1 _aOszajca, M.,
_econtributor.
_4ctb
_4https://id.loc.gov/vocabulary/relators/ctb
700 1 _aPająk, L.,
_econtributor.
_4ctb
_4https://id.loc.gov/vocabulary/relators/ctb
700 1 _aPapadakis, C. M.,
_econtributor.
_4ctb
_4https://id.loc.gov/vocabulary/relators/ctb
700 1 _aPardo, P.,
_econtributor.
_4ctb
_4https://id.loc.gov/vocabulary/relators/ctb
700 1 _aPeplinski, B.,
_econtributor.
_4ctb
_4https://id.loc.gov/vocabulary/relators/ctb
700 1 _aPeschar, R.,
_econtributor.
_4ctb
_4https://id.loc.gov/vocabulary/relators/ctb
700 1 _aPielaszek, R.,
_econtributor.
_4ctb
_4https://id.loc.gov/vocabulary/relators/ctb
700 1 _aPiksina, O. E.,
_econtributor.
_4ctb
_4https://id.loc.gov/vocabulary/relators/ctb
700 1 _aPilarczyk, W.,
_econtributor.
_4ctb
_4https://id.loc.gov/vocabulary/relators/ctb
700 1 _aPiszora, P.,
_econtributor.
_4ctb
_4https://id.loc.gov/vocabulary/relators/ctb
700 1 _aPlyusnin, P. E.,
_econtributor.
_4ctb
_4https://id.loc.gov/vocabulary/relators/ctb
700 1 _aPopović, S.,
_econtributor.
_4ctb
_4https://id.loc.gov/vocabulary/relators/ctb
700 1 _aPospiech, D.,
_econtributor.
_4ctb
_4https://id.loc.gov/vocabulary/relators/ctb
700 1 _aProciów, K.,
_econtributor.
_4ctb
_4https://id.loc.gov/vocabulary/relators/ctb
700 1 _aPrusik, K.,
_econtributor.
_4ctb
_4https://id.loc.gov/vocabulary/relators/ctb
700 1 _aPtacek, S.,
_econtributor.
_4ctb
_4https://id.loc.gov/vocabulary/relators/ctb
700 1 _aQuaas, M.,
_econtributor.
_4ctb
_4https://id.loc.gov/vocabulary/relators/ctb
700 1 _aRenzetti, R. A.,
_econtributor.
_4ctb
_4https://id.loc.gov/vocabulary/relators/ctb
700 1 _aRichardson, J. W.,
_econtributor.
_4ctb
_4https://id.loc.gov/vocabulary/relators/ctb
700 1 _aRiley, D. P.,
_econtributor.
_4ctb
_4https://id.loc.gov/vocabulary/relators/ctb
700 1 _aRoatta, A.,
_econtributor.
_4ctb
_4https://id.loc.gov/vocabulary/relators/ctb
700 1 _aRoberts, J. A.,
_econtributor.
_4ctb
_4https://id.loc.gov/vocabulary/relators/ctb
700 1 _aRugmai, S.,
_econtributor.
_4ctb
_4https://id.loc.gov/vocabulary/relators/ctb
700 1 _aSaengsuwan, V.,
_econtributor.
_4ctb
_4https://id.loc.gov/vocabulary/relators/ctb
700 1 _aSandim, H. R. Z.,
_econtributor.
_4ctb
_4https://id.loc.gov/vocabulary/relators/ctb
700 1 _aSandim, M. J. R.,
_econtributor.
_4ctb
_4https://id.loc.gov/vocabulary/relators/ctb
700 1 _aSantos, D. R. dos,
_econtributor.
_4ctb
_4https://id.loc.gov/vocabulary/relators/ctb
700 1 _aSanz, A.,
_econtributor.
_4ctb
_4https://id.loc.gov/vocabulary/relators/ctb
700 1 _aScardi, P.,
_econtributor.
_4ctb
_4https://id.loc.gov/vocabulary/relators/ctb
700 1 _aSchenk, H.,
_econtributor.
_4ctb
_4https://id.loc.gov/vocabulary/relators/ctb
700 1 _aSchierholz, R.,
_econtributor.
_4ctb
_4https://id.loc.gov/vocabulary/relators/ctb
700 1 _aScholtes, B.,
_econtributor.
_4ctb
_4https://id.loc.gov/vocabulary/relators/ctb
700 1 _aSemenkin, E. S.,
_econtributor.
_4ctb
_4https://id.loc.gov/vocabulary/relators/ctb
700 1 _aSenyshyn, A.,
_econtributor.
_4ctb
_4https://id.loc.gov/vocabulary/relators/ctb
700 1 _aSerrano, F. J.,
_econtributor.
_4ctb
_4https://id.loc.gov/vocabulary/relators/ctb
700 1 _aSeufert, S.,
_econtributor.
_4ctb
_4https://id.loc.gov/vocabulary/relators/ctb
700 1 _aShankland, K.,
_econtributor.
_4ctb
_4https://id.loc.gov/vocabulary/relators/ctb
700 1 _aShankland, N.,
_econtributor.
_4ctb
_4https://id.loc.gov/vocabulary/relators/ctb
700 1 _aSheng, J.,
_econtributor.
_4ctb
_4https://id.loc.gov/vocabulary/relators/ctb
700 1 _aShubin, Yu. V.,
_econtributor.
_4ctb
_4https://id.loc.gov/vocabulary/relators/ctb
700 1 _aSignorelli, J. W.,
_econtributor.
_4ctb
_4https://id.loc.gov/vocabulary/relators/ctb
700 1 _aSimionescu, B.,
_econtributor.
_4ctb
_4https://id.loc.gov/vocabulary/relators/ctb
700 1 _aSimon, F.-G.,
_econtributor.
_4ctb
_4https://id.loc.gov/vocabulary/relators/ctb
700 1 _aSkoko, Ž.,
_econtributor.
_4ctb
_4https://id.loc.gov/vocabulary/relators/ctb
700 1 _aSnellings, R. A.,
_econtributor.
_4ctb
_4https://id.loc.gov/vocabulary/relators/ctb
700 1 _aSnyder, R. L.,
_econtributor.
_4ctb
_4https://id.loc.gov/vocabulary/relators/ctb
700 1 _aSobrero, C.,
_econtributor.
_4ctb
_4https://id.loc.gov/vocabulary/relators/ctb
700 1 _aStreek, J. van de,
_econtributor.
_4ctb
_4https://id.loc.gov/vocabulary/relators/ctb
700 1 _aStyles, M. J.,
_econtributor.
_4ctb
_4https://id.loc.gov/vocabulary/relators/ctb
700 1 _aSurat, L. L.,
_econtributor.
_4ctb
_4https://id.loc.gov/vocabulary/relators/ctb
700 1 _aSurga, W.,
_econtributor.
_4ctb
_4https://id.loc.gov/vocabulary/relators/ctb
700 1 _aTarakina, N. V.,
_econtributor.
_4ctb
_4https://id.loc.gov/vocabulary/relators/ctb
700 1 _aTendeloo, G. van,
_econtributor.
_4ctb
_4https://id.loc.gov/vocabulary/relators/ctb
700 1 _aTerence, M. C.,
_econtributor.
_4ctb
_4https://id.loc.gov/vocabulary/relators/ctb
700 1 _aToledo, R.,
_econtributor.
_4ctb
_4https://id.loc.gov/vocabulary/relators/ctb
700 1 _aToraya, H.,
_econtributor.
_4ctb
_4https://id.loc.gov/vocabulary/relators/ctb
700 1 _aTorii, S.,
_econtributor.
_4ctb
_4https://id.loc.gov/vocabulary/relators/ctb
700 1 _aTrots, D. M.,
_econtributor.
_4ctb
_4https://id.loc.gov/vocabulary/relators/ctb
700 1 _aTsybulya, S. V.,
_econtributor.
_4ctb
_4https://id.loc.gov/vocabulary/relators/ctb
700 1 _aTyutyunnik, A. P.,
_econtributor.
_4ctb
_4https://id.loc.gov/vocabulary/relators/ctb
700 1 _aTöbbens, D. M.,
_econtributor.
_4ctb
_4https://id.loc.gov/vocabulary/relators/ctb
700 1 _aValdez, J. A.,
_econtributor.
_4ctb
_4https://id.loc.gov/vocabulary/relators/ctb
700 1 _aVasylechko, L.,
_econtributor.
_4ctb
_4https://id.loc.gov/vocabulary/relators/ctb
700 1 _aVenter, A. M.,
_econtributor.
_4ctb
_4https://id.loc.gov/vocabulary/relators/ctb
700 1 _aVermeulen, A. C.,
_econtributor.
_4ctb
_4https://id.loc.gov/vocabulary/relators/ctb
700 1 _aVikulova, E. S.,
_econtributor.
_4ctb
_4https://id.loc.gov/vocabulary/relators/ctb
700 1 _aVratislav, S.,
_econtributor.
_4ctb
_4https://id.loc.gov/vocabulary/relators/ctb
700 1 _aWang, H.,
_econtributor.
_4ctb
_4https://id.loc.gov/vocabulary/relators/ctb
700 1 _aWarycha, J.,
_econtributor.
_4ctb
_4https://id.loc.gov/vocabulary/relators/ctb
700 1 _aWeeks, Ch. M.,
_econtributor.
_4ctb
_4https://id.loc.gov/vocabulary/relators/ctb
700 1 _aWelzel, U.,
_econtributor.
_4ctb
_4https://id.loc.gov/vocabulary/relators/ctb
700 1 _aWhitfield, P. S.,
_econtributor.
_4ctb
_4https://id.loc.gov/vocabulary/relators/ctb
700 1 _aWills, A. S.,
_econtributor.
_4ctb
_4https://id.loc.gov/vocabulary/relators/ctb
700 1 _aWulff, H.,
_econtributor.
_4ctb
_4https://id.loc.gov/vocabulary/relators/ctb
700 1 _aXu, H.,
_econtributor.
_4ctb
_4https://id.loc.gov/vocabulary/relators/ctb
700 1 _aYakimov, I. S.,
_econtributor.
_4ctb
_4https://id.loc.gov/vocabulary/relators/ctb
700 1 _aYakimov, Y. I.,
_econtributor.
_4ctb
_4https://id.loc.gov/vocabulary/relators/ctb
700 1 _aYonemura, M.,
_econtributor.
_4ctb
_4https://id.loc.gov/vocabulary/relators/ctb
700 1 _aYusenko, K. V.,
_econtributor.
_4ctb
_4https://id.loc.gov/vocabulary/relators/ctb
700 1 _aZabicky, J.,
_econtributor.
_4ctb
_4https://id.loc.gov/vocabulary/relators/ctb
700 1 _aZaloga, A. N.,
_econtributor.
_4ctb
_4https://id.loc.gov/vocabulary/relators/ctb
700 1 _aZaremba, T.,
_econtributor.
_4ctb
_4https://id.loc.gov/vocabulary/relators/ctb
700 1 _aZubkov, V. G.,
_econtributor.
_4ctb
_4https://id.loc.gov/vocabulary/relators/ctb
700 1 _aZych, E.,
_econtributor.
_4ctb
_4https://id.loc.gov/vocabulary/relators/ctb
700 1 _aÁlvarez-Larena, A.,
_econtributor.
_4ctb
_4https://id.loc.gov/vocabulary/relators/ctb
700 1 _aŁasocha, W.,
_econtributor.
_4ctb
_4https://id.loc.gov/vocabulary/relators/ctb
700 1 _aŠtefanić, G.,
_econtributor.
_4ctb
_4https://id.loc.gov/vocabulary/relators/ctb
700 1 _aŠícha, J.,
_econtributor.
_4ctb
_4https://id.loc.gov/vocabulary/relators/ctb
776 0 _cprint
_z9783486992571
856 4 0 _uhttps://doi.org/10.1524/9783486992588
_zOpen Access
_70
856 4 0 _uhttps://www.degruyter.com/isbn/9783486992588
_zOpen Access
_70
856 4 2 _3Cover
_uhttps://www.degruyter.com/document/cover/isbn/9783486992588/original
942 _cE-BOOK
999 _c71535
_d71534